Historia del Convictorio Carolino: Apuntes para la historia de los antiguos colegios de Chile

Uloženo v:
Podrobná bibliografie
Hlavní autor: Frontaura Arana, José Manuel (Autor)
Médium: Kniha
Jazyk:španělština
Vydáno: Santiago Imprenta Nacional 1889
Vydání:1a. ed
Témata:
Tagy: Přidat tag
Žádné tagy, Buďte první, kdo vytvoří štítek k tomuto záznamu!

MARC

LEADER 00000nam a2200000 a 4500
001 UCJ5819
003 CL-VaPUC
008 070124e18890000CL |||||||||||||||||spa|d
082 0 4 |a 983  |b FRO  |2 21 
100 0 |a Frontaura Arana, José Manuel  |e author  |9 511623 
245 1 0 |a Historia del Convictorio Carolino: Apuntes para la historia de los antiguos colegios de Chile 
250 |a 1a. ed 
300 |a 82 p 
942 |c BK 
945 |d 20070124 00:00:00  |a rinostro 
260 |a Santiago  |b Imprenta Nacional  |c 1889 
500 |a Esta obra se encuentra empastada en un mismo volumen con la copia 2 de Noticias históricas sobre las Escuelas Públicas de Chile a fines de la era colonial, del mismo autor 
600 0 7 |a SEMINARIO CONCILIAR  |2 CL-VaPUC  |9 443747 
600 0 |a Universidad de San Felipe  |9 339498 
600 0 7 |a REAL SEMINARIO DE NOBLES DE SAN CARLOS  |2 CL-VaPUC  |9 511624 
600 0 7 |a CONVICTORIO CAROLINO  |2 CL-VaPUC  |9 511625 
600 0 7 |a SALAS, JOSE PERFECTO  |2 CL-VaPUC  |9 509863 
600 0 7 |a COLEGIO MAXIMO DE SAN MIGUEL  |2 CL-VaPUC  |9 511626 
600 0 7 |a COLEGIO DE NATURALES DE CHILLAN  |2 CL-VaPUC  |9 511627 
600 0 7 |a CASA DE MONEDA  |2 CL-VaPUC  |9 466137 
600 0 7 |a ZERDAN Y PONTERO, ANTONIO DE  |2 CL-VaPUC  |9 511628 
600 0 |a Salas, Manuel de  |9 443666 
600 0 7 |a INSTITUTO NACIONAL  |2 CL-VaPUC  |9 342453 
650 0 |a Educación  |9 258661 
650 0 |a Colonización española  |9 256592 
650 0 |a Jesuitas  |9 268366 
650 0 |a Colegios  |9 373748 
650 0 |a Dominicos   |9 396264 
651 0 |a Santiago  |9 265444 
651 0 |a Chillán  |9 344249 
583 |a last modification  |c 20070124 00:00:00  |k Rodrigo Vera 
999 |c 321928  |d 321926 
952 |0 0  |1 0  |4 0  |6 983_000000000000000_FRO_1889  |7 0  |8 X  |9 400813  |a FDOBUD  |b FDOBUD  |d 2019-11-22  |i 1039989  |o 983 FRO 1889  |p 1039989  |r 2019-11-22  |w 2019-11-22  |y BK_X  |k BUD